Peaceful living in a stressful world : (Record no. 3038)

MARC details
000 -LEADER
fixed length control field 00864pam a2200277 a 4500
001 - CONTROL NUMBER
control field 13181
003 - CONTROL NUMBER IDENTIFIER
control field GBCCL
005 - DATE AND TIME OF LATEST TRANSACTION
control field 20241126110445.0
008 - FIXED-LENGTH DATA ELEMENTS--GENERAL INFORMATION
fixed length control field 850425s1985 tnu 00010 eng
010 ## -
-- 85010592
020 ## - INTERNATIONAL STANDARD BOOK NUMBER
International Standard Book Number 0840754701
035 ## - SYSTEM CONTROL NUMBER
System control number OCM12050931
040 ## - CATALOGING SOURCE
Original cataloging agency DLC
Transcribing agency DLC
Modifying agency m/c
-- LBB
049 ## -
-- LBBK
050 0# -
-- BV4501.2
-- .H87 1985
082 0# - DEWEY DECIMAL CLASSIFICATION NUMBER
Classification number 248.4
Edition information 19
Item number HUT
092 ## - LOCALLY ASSIGNED DEWEY CALL NUMBER (OCLC)
Classification number 248.4
Item number H973, 1985
100 10 - MAIN ENTRY--PERSONAL NAME
Personal name Hutchcraft, Ronald.
9 (RLIN) 6307
245 10 - TITLE STATEMENT
Title Peaceful living in a stressful world :
Remainder of title a practical four-point strategy for replacing stress with peace /
Statement of responsibility, etc. Ronald Hutchcraft.
260 0# - PUBLICATION, DISTRIBUTION, ETC.
Place of publication, distribution, etc. Nashville, Tenn. :
Name of publisher, distributor, etc. Thomas Nelson Pub.,
Date of publication, distribution, etc. c1985.
300 ## - PHYSICAL DESCRIPTION
Extent 209 p. ;
Dimensions 21 cm.
650 #0 - SUBJECT ADDED ENTRY--TOPICAL TERM
Topical term or geographic name entry element Christian life.
9 (RLIN) 183
650 #0 - SUBJECT ADDED ENTRY--TOPICAL TERM
Topical term or geographic name entry element Peace of mind
General subdivision Religious aspects
-- Christianity.
9 (RLIN) 683
650 #0 - SUBJECT ADDED ENTRY--TOPICAL TERM
Topical term or geographic name entry element Stress (Psychology)
9 (RLIN) 4384
942 ## - ADDED ENTRY ELEMENTS (KOHA)
Source of classification or shelving scheme Dewey Decimal Classification
Koha item type Books
Holdings
Withdrawn status Lost status Source of classification or shelving scheme Damaged status Not for loan Home library Current Library Shelving location Date acquired Total checkouts Full call number Barcode Date last seen Copy number Price effective from Koha item type
    Dewey Decimal Classification     GRACE BIBLE COLLEGE GRACE BIBLE COLLEGE Ministry & Mission 2017-10-13   248.4 HUT 008397 2025-05-01 c.1 2017-10-13 Books
© Grace Bible College Library 2025